000 00686nam a2200289Ia 4500
005 20260324111334.0
008 008 260324s9999 xx 000 0 eng d
020 _a9781003530961
037 _aEBOOK
040 _aCRL
040 _beng
040 _cCRL
041 _2eng
041 _aeng
084 _qCRL
100 _aRyan Zhao
_91138145
245 4 _aThe Fundamentals of Video Game Literacy
245 0 _bTheory, Practice, and Aesthetics
260 _bTaylor and Francis
260 _c2025
365 _a
365 _b290
856 _uhttp://www.taylorfrancis.com/books/9781003530961
942 _cEBOOK
999 _c1726938
_d1726938